000 00309nam a22001337a 4500
003 SGT
082 _a617.3
_bA15S
100 _aSOLOMON, LOUIS
245 _aAPLEY'S SYSTEM OF ORTHOPEDICS AND FRACTURES
260 _aLONDON
_bCRC PRESS
_c2015
300 _a974
650 _aORTHOPEDIC
942 _2ddc
_cBK
_09
999 _c14595
_d14595